Sports Quiz

Random Sports or WWE Quiz

John Cena PPV Opponents Quiz Stats

 Plays Quiz Updated Sep 5, 2019

Score 0/266 Timer 12:00
9 Plays Today
PPV Opponent % Correct
WrestleMania 22Triple H
94.4%
Backlash 2006Triple H
94.4%
Royal Rumble 2008Triple H
94.4%
WrestleMania XXIVTriple H
94.4%
Backlash 2008Triple H
94.4%
Night of Champions 2008Triple H
94.4%
Night of Champions 2009Triple H
94.4%
Survivor Series 2009Triple H
94.4%
Elmination Chamber 2010Triple H
94%
Survivor Series 2017Triple H
93.7%
Backlash 2007Randy Orton
93.4%
Vengeance: Night of ChampionsRandy Orton
93.4%
SummerSlam 2007Randy Orton
93.4%
Unforgiven 2007Randy Orton
93.4%
No Way Out 2008Randy Orton
93.4%
WrestleMania XXIVRandy Orton
93.4%
Backlash 2008Randy Orton
93.4%
Night of Champions 2009Randy Orton
93.4%
SummerSlam 2009Randy Orton
93.4%
Breaking Point 2009Randy Orton
93.4%
Hell in a Cell 2009Randy Orton
93.4%
Bragging Rights 2009Randy Orton
93.4%
TLC: Tables, Ladders, & Chairs 2013Randy Orton
93.1%
Royal Rumble 2014Randy Orton
93.1%
Elimination Chamber 2014Randy Orton
93.1%
Elmination Chamber 2010Randy Orton
93.1%
Money in the Bank 2014Randy Orton
93%
Battleground 2014Randy Orton
93%
Hell in a Cell 2014Randy Orton
93%
Fatal 4-WayRandy Orton
91.9%
Night of Champions 2010Randy Orton
91.9%
Elimination Chamber 2011Randy Orton
91.9%
Royal Rumble 2003Undertaker
91%
Vengeance 2003Undertaker
91%
No Way Out 2007Undertaker
91%
Bragging Rights 2010Cody Rhodes
90.8%
Survivor Series 2003Big Show
89.9%
Royal Rumble 2004Big Show
89.9%
No Way Out 2004Big Show
89.9%
WrestleMania XXBig Show
89.9%
Cyber Sunday 2006Big Show
89.9%
Survivor Series 2006Big Show
89.9%
WrestleMania XXVBig Show
89.9%
Judgment Day 2009Big Show
89.9%
Extreme Rules 2009Big Show
89.9%
New Year's Revolution 2006Kane
89.9%
No Way Out 2009Kane
89.9%
Royal Rumble 2012Kane
89.9%
Elimination Chamber 2012Kane
89.9%
Money in the Bank 2012Kane
89.9%
Money in the Bank 2014Kane
89.8%
Battleground 2014Kane
89.8%
No Way Out 2012Big Show
89.6%
Money in the Bank 2012Big Show
89.6%
SummerSlam 2012Big Show
89.6%
Survivor Series 2014Kane
89.4%
New Year's Revolution 2006Edge
89.1%
Royal Rumble 2006Edge
89.1%
Backlash 2006Edge
89.1%
SummerSlam 2006Edge
89.1%
Unforgiven 2006Edge
89.1%
Backlash 2007Edge
89.1%
No Way Out 2009Edge
89.1%
WrestleMania XXVEdge
89.1%
Backlash 2009Edge
89.1%
Royal Rumble 2010Edge
88.8%
WrestleMania XXVIIIThe Rock
88.6%
WrestleMania 29The Rock
88.6%
Extreme Rules 2012Brock Lesnar
88.2%
Royal Rumble 2015Brock Lesnar
88.1%
Summerslam 2014Brock Lesnar
88.1%
Night of Champions 2014Brock Lesnar
88.1%
Backlash 2003Brock Lesnar
87.9%
Survivor Series 2003Brock Lesnar
87.9%
Fatal 4-WayEdge
87.6%
Night of Champions 2010Edge
87.6%
Elimination Chamber 2017The Miz
87%
WrestleMania 33The Miz
87%
No Mercy 2017Roman Reigns
86.6%
Elimination Chamber 2018Roman Reigns
86.6%
Taboo Tuesday 2005Shawn Michaels
86.5%
New Year's Revolution 2006Shawn Michaels
86.5%
WrestleMania 23Shawn Michaels
86.5%
Backlash 2007Shawn Michaels
86.5%
Survivor Series 2009Shawn Michaels
86.5%
Survivor Series 2017Kurt Angle
86.2%
Elimination Chamber 2018The Miz
85.7%
SummerSlam 2015Seth Rollins
85.3%
Night of Champions 2015Seth Rollins
85.3%
PPV Opponent % Correct
SummerSlam 2012CM Punk
85.2%
Night of Champions 2012CM Punk
85.2%
Survivor Series 2012CM Punk
85.2%
Royal Rumble 2005Batista
85%
No Way Out 2007Batista
85%
SummerSlam 2008Batista
85%
Survivor Series 2014Seth Rollins
85%
TLC: Tables, Ladders, Chairs... and Stairs 2014Seth Rollins
85%
Elmination Chamber 2010Batista
84.7%
Elimination Chamber 2018Seth Rollins
84.5%
No Mercy 2003Kurt Angle
84.4%
No Way Out 2004Kurt Angle
84.4%
Survivor Series 2004Kurt Angle
84.4%
No Way Out 2005Kurt Angle
84.4%
Unforgiven 2005Kurt Angle
84.4%
Taboo Tuesday 2005Kurt Angle
84.4%
Survivor Series 2005Kurt Angle
84.4%
New Year's Revolution 2006Kurt Angle
84.4%
Elimination Chamber 2011CM Punk
84.3%
Money In The Bank 2011CM Punk
84.3%
Summerslam 2011CM Punk
84.3%
Hell In A Cell 2011CM Punk
84.3%
WrestleMania XXVIBatista
83.5%
Extreme Rules 2010Batista
83.5%
Over The Limit 2010Batista
83.5%
Vengeance 2002Chris Jericho
82.8%
Vengeance 2005Chris Jericho
82.8%
SummerSlam 2005Chris Jericho
82.8%
Survivor Series 2008Chris Jericho
82.8%
Armageddon 2008Chris Jericho
82.8%
No Way Out 2009Chris Jericho
82.8%
Elimination Chamber 2013Seth Rollins
82.5%
Elimination Chamber 2017Dean Ambrose
82.3%
Money in the Bank 2012Chris Jericho
82.2%
The Bash 2009The Miz
81.8%
Survivor Series 2011The Miz
81.7%
Money in the Bank 2012The Miz
81.7%
Money in the Bank 2014Roman Reigns
81.6%
Battleground 2014Roman Reigns
81.6%
Elimination Chamber 2013Roman Reigns
81.5%
Night of Champions 2010Chris Jericho
81.3%
Royal Rumble 2011The Miz
80.8%
Extreme Rules 2011The Miz
80.8%
WrestleMania XXVIIThe Miz
80.8%
Over The Limit 2011The Miz
80.8%
Elimination Chamber 2017Bray Wyatt
79.9%
Battleground 2016A.J. Styles
79.3%
SummerSlam 2016A.J. Styles
79.3%
No Mercy 2016A.J. Styles
79.3%
Royal Rumble 2017A.J. Styles
79.3%
Elimination Chamber 2017A.J. Styles
79.3%
Money in the Bank 2016A.J. Styles
78.7%
SummerSlam 2013Daniel Bryan
78.3%
Elimination Chamber 2014Daniel Bryan
78.3%
Fastlane 2018A.J. Styles
78%
WrestleMania XXXBray Wyatt
77.4%
Extreme Rules 2014Bray Wyatt
77.4%
Payback 2014Bray Wyatt
77.4%
Elimination Chamber 2013Dean Ambrose
77.2%
Money in the Bank 2014Bray Wyatt
77.1%
TLC: Tables, Ladders & Chairs 2009Sheamus
76.6%
Elmination Chamber 2010Sheamus
76.3%
Elimination Chamber 2014Sheamus
76%
Money in the Bank 2014Sheamus
75.8%
WrestleMania 21JBL
75.3%
Judgment Day 2005JBL
75.3%
Backlash 2008JBL
75.3%
Judgment Day 2008JBL
75.3%
One Night Stand 2008JBL
75.3%
The Great American Bash 2008JBL
75.3%
Royal Rumble 2009JBL
75.3%
Fatal 4-WaySheamus
75.3%
Money In The Bank 2010Sheamus
75.3%
Night of Champions 2010Sheamus
75.3%
Elimination Chamber 2011Sheamus
75.3%
Survivor Series 2014Rusev
74.1%
Fastlane 2015Rusev
74.1%
WrestleMania 31Rusev
73.9%
Extreme Rules 2015Rusev
73.9%
Payback 2015Rusev
73.9%
Survivor Series 2012Ryback
73.8%
Royal Rumble 2013Ryback
73.7%
Extreme Rules 2013Ryback
73.7%
Payback 2013Ryback
73.7%
Vengeance 2005Christian
73.2%
Fastlane 2018Dolph Ziggler
72.9%
Elimination Chamber 2014Christian
72.8%
Battleground 2017Rusev
72.5%
SummerSlam 2010Wade Barrett
72%
PPV Opponent % Correct
Night of Champions 2010Wade Barrett
72%
Hell In A Cell 2010Wade Barrett
72%
TLC: Tables, Ladders & Chairs 2010Wade Barrett
72%
SummerSlam 2010Skip Sheffield
71.7%
No Way Out 2009Rey Mysterio
71.5%
Hell in a Cell 2015Alberto Del Rio
70.7%
TLC: Tables, Ladders, & Chairs 2012Dolph Ziggler
69.2%
Vengeance 2011Alberto Del Rio
68.9%
Hell in a Cell 2013Alberto Del Rio
68.9%
Survivor Series 2013Alberto Del Rio
68.9%
Survivor Series 2014Mark Henry
68.7%
Money in the Bank 2014Alberto Del Rio
68.7%
Night Of Champions 2011Alberto Del Rio
68.4%
Hell In A Cell 2011Alberto Del Rio
68.4%
Money in the Bank 2013Mark Henry
68.2%
Fastlane 2018Kevin Owens
68.1%
Elimination Chamber 2015Kevin Owens
67.5%
Money in the Bank 2015Kevin Owens
67.5%
Battleground 2015Kevin Owens
67.5%
Survivor Series 2017Braun Strowman
66.8%
Elimination Chamber 2018Braun Strowman
66.8%
Survivor Series 2004Luther Reigns
66%
The Great American Bash 2004Rob Van Dam
65.6%
ECW One Night Stand 2006Rob Van Dam
65.6%
Judgment Day 2003Chris Benoit
64.4%
Cyber Sunday 2006King Booker
63.8%
Armageddon 2006King Booker
63.8%
Vengeance: Night of ChampionsKing Booker
63.8%
The Great American Bash 2004Booker T
63.7%
SummerSlam 2004Booker T
63.7%
No Mercy 2004Booker T
63.7%
WrestleMania 33Maryse
61.6%
Survivor Series 2011R-Truth
60.1%
SummerSlam 2010Heath Slater
60%
Elimination Chamber 2011R-Truth
59.9%
Capitol PunishmentR-Truth
59.9%
Elimination Chamber 2017Baron Corbin
59.8%
Survivor Series 2017Finn Balor
58.4%
Elimination Chamber 2018Finn Balor
58.4%
SummerSlam 2017Baron Corbin
58%
Fastlane 2018Baron Corbin
58%
Judgment Day 2007The Great Khali
58%
One Night Stand 2007The Great Khali
58%
Survivor Series 2014Luke Harper
57.8%
Fastlane 2018Sami Zayn
57.6%
Survivor Series 2006Umaga
57.2%
New Year's Revolution 2007Umaga
57.2%
Royal Rumble 2007Umaga
57.2%
Elimination Chamber 2011John Morrison
55.1%
Extreme Rules 2011John Morrison
55.1%
Survivor Series 2004Carlito
54.8%
New Year's Revolution 2006Carlito
54.8%
SummerSlam 2010Justin Gabriel
54.5%
Elmination Chamber 2010Kofi Kingston
54.5%
Royal Rumble 2018Shinsuke Nakamura
54.4%
SummerSlam 2010David Otunga
52.9%
Battleground 2016Karl Anderson
52.7%
Battleground 2016Luke Gallows
52.6%
Vengeance: Night of ChampionsBobby Lashley
51.2%
The Great American Bash 2007Bobby Lashley
51.2%
Elimination Chamber 2014Cesaro
50.8%
Money in the Bank 2014Cesaro
50.5%
Survivor Series 2017Samoa Joe
49.4%
SummerSlam 2010Darren Young
46.8%
Vengeance: Night of ChampionsMick Foley
43.7%
SummerSlam 2010Michael Tarver
43.1%
Survivor Series 2003A-Train
42.3%
Elimination Chamber 2018Elias
42.2%
New Year's Revolution 2006Chris Masters
42.2%
Bragging Rights 2010Drew McIntyre
41.4%
Elmination Chamber 2010Ted Dibiase
39.4%
Survivor Series 2006Finlay
37%
Armageddon 2006Finlay
37%
Survivor Series 2006MVP
36.4%
Vengeance 2006Sabu
34.8%
Survivor Series 2006Test
30.8%
Survivor Series 2003Nathan Jones
28.6%
Over the Limit 2012John Laurinaitis
28.2%
Survivor Series 2003Matt Morgan
27.8%
Rebellion 2002Torrie Wilson
26.6%
No Way Out 2009Mike Knox
26.1%
Judgment Day 2003Rhyno
25.4%
Armageddon 2004Jesus
25.1%
Rebellion 2002Billy Kidman
23.8%
Judgment Day 2004Rene Dupree
22.4%
The Great American Bash 2004Rene Dupree
22.4%
Judgment Day 2003Spanky
20.1%
Survivor Series 2004Mark Jindrak
18.6%

You're not logged in!

Compare scores with friends on all Sporcle quizzes.
OR
Log In

Sporcle TV

Today on Sporcle TV


Watch our educational content, quiz creation guides, and fun videos on Sporcle TV.

Show Comments

Extras

Top Quizzes Today


Score Distribution

Your Account Isn't Verified!

In order to create a playlist on Sporcle, you need to verify the email address you used during registration. Go to your Sporcle Settings to finish the process.

Report this User

Report this user for behavior that violates our Community Guidelines.

Details: